| 000 | 00956nam a2200241Ia 4500 | ||
|---|---|---|---|
| 003 | GCL | ||
| 005 | 20240530105049.0 | ||
| 008 | 140319s9999 xx 000 0 ara d | ||
| 040 |
_aGCL / _cGCL |
||
| 082 | 0 | 4 |
_a953.073 _bق/ام |
| 100 | 1 | _aابراهيم احمد العدوى | |
| 245 | 1 | 0 |
_aمصر الاسلامية درع العروبة ورباط الاسلام / _cهيئة الاثار المصرية |
| 260 |
_aالقاهرة : _bهيئة الاثار المصرية ، _c1992 |
||
| 300 |
_a378ص: _bايض . خرائط - صور ؛ _c24 سم |
||
| 490 |
_aسلسلة الثقافة الاثرية والتاريخية مشروع المائة كتاب _v17 |
||
| 650 | 0 | 4 | _aمصر |
| 650 | 0 | 4 | _aتاريخ |
| 650 | 0 | 4 | _aالعصر المملوكى |
| 650 | 0 | 4 | _aالدولة الاخشيدية |
| 650 | 0 | 4 | _aثورة 23 يوليو 1952 |
| 650 | 0 | 4 | _aالعالم العربى - تاريخ - العصر العثمانى |
| 942 |
_2ddc _cBK |
||
| 999 |
_c52865 _d52865 |
||